Writing Windows virtual device drivers

Αποθηκεύτηκε σε:
Λεπτομέρειες βιβλιογραφικής εγγραφής
Κύριος συγγραφέας: Thielen, David
Άλλοι συγγραφείς: Woodruff, Bryan
Μορφή: Βιβλίο
Γλώσσα:English
Δημοσίευση: Reading, Mass. : Addison-Wesley, c1994
Θέματα:
Ετικέτες: Προσθήκη ετικέτας
Δεν υπάρχουν, Καταχωρήστε ετικέτα πρώτοι!

MARC

LEADER 00000nam a2200000 i 4500
001 1/98652
008 000201s1994 eng d
020 |a 020148921X 
035 |l 10056592 
040 |a GR-MY-UA  |b gre  |e aacr 
041 0 |a eng 
082 0 |a 005.43 
100 1 |a Thielen, David. 
245 1 0 |a Writing Windows virtual device drivers /  |c David Thielen and Bryan Woodruff 
260 |a Reading, Mass. :   |b Addison-Wesley,   |c c1994 
300 |a xvii, 650 p.;  |c 24 cm. 
504 |a Includes index 
650 0 0 |a Windows (Computer programs) 
650 0 0 |a Virtual computer systems. 
700 1 |a Woodruff, Bryan. 
852 |a INST  |b SAMOS  |e 20000201  |h 005.43 THI  |p 005300015978  |q 005300015978  |t BK  |y 0 
901 |a BIBL3-2000-1 
909 |a Σ  |b 071323 
922 |a 3ΕΛΗ  |b 199912  |c ΤΠΕΣ  |d ΠΑΠΑΣΩΤΗΡΙΟΥ 
950 |a 133-1999-07-20 
970 |a ΓΕΝΟΥΖΟΥ  |b ΧΡΥΣΑΝΘΗ  |z 2000/02/01